BIOMAT 2009: International Symposium on Mathematical and Computational Biology
Sparad:
| Huvudupphovsman: | |
|---|---|
| Materialtyp: | Bok |
| Språk: | engelska |
| Publicerad: |
World Scientific
2010
|
| Upplaga: | 1a. ed |
| Ämnen: | |
| Taggar: |
Lägg till en tagg
Inga taggar, Lägg till första taggen!
|
MARC
| LEADER | 00000cam a2200000 a 4500 | ||
|---|---|---|---|
| 001 | UCG8806 | ||
| 003 | CL-VaPUC | ||
| 005 | 20220315074421.0 | ||
| 008 | 120106e20100000us 1 eng d | ||
| 020 | |a 9789814304894 | ||
| 082 | 0 | 4 | |a 570.15195 |b MON |2 21 |
| 100 | 1 | |a Mondaini, Rubem P |e author |9 621831 | |
| 245 | 1 | 0 | |a BIOMAT 2009: International Symposium on Mathematical and Computational Biology |
| 250 | |a 1a. ed | ||
| 260 | |b World Scientific |c 2010 | ||
| 300 | |a 393 p | ||
| 583 | |a last modification |c 20120106 11:45:00 |k Rodrigo Vera | ||
| 650 | 0 | 7 | |a BIOMATEMATICAS |2 CL-VaPUC |9 260148 |
| 650 | 0 | 0 | |a Modelos matemáticos |9 259437 |
| 650 | 0 | 0 | |a Congresos |9 257560 |
| 942 | |c BK | ||
| 945 | |a cmena |d 20120106 00:00:00 | ||
| 546 | |a En Inglés | ||
| 536 | |a CAPES | ||
| 536 | |a Foundation for Research Support of S. Paulo State | ||
| 518 | |p International Symposium on Mathematical and Computational Biology, 9, Brasilia, 1-6 august 2009 | ||
| 999 | |c 384651 |d 384649 | ||